000 00549nam a2200181 4500
001 27173
005 20230410124038.0
008 060907n2002 dr spa
020 _a8437055075
035 _9funglode27378
041 _aES
050 1 4 _aLC 116 M378p 2002
100 _aMartí Ferrándiz, José J.
245 1 _aPoder político y educación :
_bel control de la enseñanza (España,1936-1975) /
_c José J. Martí Ferrándiz
260 _aValencia :
_bUniversitat de Valencia,
_c2002
300 _a304 p.
942 _2lcc
_cbk
999 _c69968
_d69968